Manual de bioestadística y demografía /

Bibliographic Details
Main Author: Pérez Flórez, Mauricio (Author)
Format: Electronic eBook
Language:Spanish
Published: Santiago de Cali : Pontificia Universidad Javeriana Cali, 2021.
Subjects:
Online Access:Digitalia Hispánica

MARC

LEADER 00000nam a2200000 i 4500
001 DIGEPUJ0420
003 NyNyDIG
007 cr |||||||||||
008 240112s2021 ck a ob 000 0 spa d
006 m o d
035 |a (OCoLC)1417821090 
040 |a DGITA  |b eng  |e rda  |e pn  |c DGITA 
020 |a 9789585177963  |q eBook 
020 |z 9789585177956 
050 1 4 |a QH323.5 ebook 
100 1 |a Pérez Flórez, Mauricio,  |e author. 
245 1 0 |a Manual de bioestadística y demografía /  |c autor, Mauricio Pérez Flórez. 
264 1 |a Santiago de Cali :  |b Pontificia Universidad Javeriana Cali,  |c 2021. 
300 |a 1 online resource :  |b illustrations. 
336 |a text  |b txt  |2 rdacontent 
337 |a computer  |b c  |2 rdamedia 
338 |a online resource  |b cr  |2 rdacarrier 
347 |a text file  |2 rdaft 
347 |b EPUB 
504 |a Includes bibliographical references. 
588 0 |a Online resource; title from ePub title page (Digitalia, viewed January 12, 2024) 
650 0 |a Biostatistics. 
650 0 |a Demography. 
791 2 |a Digitalia (Firm),  |e distributor. 
793 0 |g Digitalia eBook Collection:  |a Pontificia Universidad Javeriana 
776 0 8 |i Print version:  |a Pérez Flórez, Mauricio.  |t Manual de bioestadística y demografía.  |d Santiago de Cali : Pontificia Universidad Javeriana Cali, [2021]  |z 9789585177956 
856 4 0 |3 Digitalia Hispánica  |u https://www.digitaliapublishing.com/a/133185/ 
910 |a Premium collection: 2024